The Pap smear : (Record no. 41279)
[ view plain ]
| 000 -LEADER | |
|---|---|
| fixed length control field | 00938cam7a220025300 4500 |
| 001 - CONTROL NUMBER | |
| control field | lce00787652 |
| 008 - FIXED-LENGTH DATA ELEMENTS--GENERAL INFORMATION | |
| fixed length control field | 731018s1973 ilua b 001 0beng |
| 010 ## - LIBRARY OF CONGRESS CONTROL NUMBER | |
| LC control number | 72093204 |
| 020 ## - INTERNATIONAL STANDARD BOOK NUMBER | |
| International Standard Book Number | 0398027161 |
| 035 ## - SYSTEM CONTROL NUMBER | |
| System control number | (Sirsi) r66197 |
| 035 ## - SYSTEM CONTROL NUMBER | |
| System control number | (DLC) 72093204 |
| 035 ## - SYSTEM CONTROL NUMBER | |
| System control number | (UPRA)lce00787652 |
| 040 ## - CATALOGING SOURCE | |
| Modifying agency | UPRA |
| 050 0# - LIBRARY OF CONGRESS CALL NUMBER | |
| Classification number | R154.P2513 |
| Item number | C37 |
| 082 ## - DEWEY DECIMAL CLASSIFICATION NUMBER | |
| Classification number | 610/.92/4 |
| -- | B |
| 100 1# - MAIN ENTRY--PERSONAL NAME | |
| Personal name | Carmichael, Daniel Erskine, 1932- |
| Dates associated with a name | Carmichael, Daniel Erskine, 1932- |
| Linkage | A26633.1 |
| 245 14 - TITLE STATEMENT | |
| Title | The Pap smear : |
| Remainder of title | life of George N. Papanicolaou / |
| Statement of responsibility, etc. | by D. Erskine Carmichael ; with a foreword by Charles S. Cameron. |
| 260 ## - PUBLICATION, DISTRIBUTION, ETC. | |
| Place of publication, distribution, etc. | Springfield, IL : |
| Name of publisher, distributor, etc. | Thomas, |
| Date of publication, distribution, etc. | [1973] |
| 504 ## - BIBLIOGRAPHY, ETC. NOTE | |
| Bibliography, etc. note | Bibliography: p. 105-114. |
| 600 10 - SUBJECT ADDED ENTRY--PERSONAL NAME | |
| Personal name | Papanicolaou, George N., 1883-1962. |
| Dates associated with a name | Papanicolaou, George N., 1883-1962. |
| Linkage | S19151.1 |
| 650 #0 - SUBJECT ADDED ENTRY--TOPICAL TERM | |
| Topical term or geographic name entry element | Pap test -- History. |
| General subdivision | Pap test -- History. |
| Linkage | S19152.1 |
| 949 ## - LOCAL PROCESSING INFORMATION (OCLC) | |
| a | R154.P2513 |
| w | LC |
| i | -88576 |
| m | MEDICAL |
| t | BOOK |
| l | ON-SHELF |
| Withdrawn status | Lost status | Source of classification or shelving scheme | Damaged status | Not for loan | Home library | Current library | Shelving location | Total Checkouts | Full call number | Barcode | Date last seen | Copy number | Price effective from | Koha item type |
|---|---|---|---|---|---|---|---|---|---|---|---|---|---|---|
| Library of Congress Classification | Medical Library | Medical Library | On Shelf | R154.P2513 | -88576 | 08/13/2019 | 1 | 08/13/2019 | Book |